| 000 | 01665 a2200229 4500 | ||
|---|---|---|---|
| 001 | 32983 | ||
| 005 | 20260407155625.0 | ||
| 008 | 260407a2010 arg spa d | ||
| 003 | AR-UNSa-BCEJYS | ||
| 040 |
_aAR-UNSa-BCEJYS _bspa _cAR-UNSa-BCEJYS |
||
| 080 |
_a336.221 _xTributación |
||
| 245 | 1 | 0 |
_aTribunal Fiscal de la Nación _pa los 50 años de su creación |
| 020 | _a978-987-660-053-8 | ||
| 264 | 1 |
_aBuenos Aires : _bEDICON (Fondo Editorial Consejo) _c2010 |
|
| 300 |
_a2 v.(440, 660 p.) _c25 cm. |
||
| 505 | _aVol.I: 1. Prologo - 2. Resoluciones dictados por Presidente del tribunal fiscal de la nación en relación a la celebración del 50 aniversario del organismo - 3. Discusión parlamentaria de la ley 15.265 de creación, organización y competencia del tribunal fiscal de la nación - 4. Texto de la ley 15.265 - 5. Decreto 4048 del 13 de abril de 1960 - 7. Decreto 1232 del 14 de febrero de 1963 - 8. Reseña legislativa del tribunal fiscal de la nación - 9. Antecedentes de tribunales fiscales en los códigos fiscales - 10. Encuentros y trabajos de investigación en los que se trató la problematica de los tribunales fiscales - 11. Tribunales fiscales de provincias - 12. Integrantes del tribunal fiscal de la Nación a lo largo - 13. Composición actual del Tribunal Fiscal de la Nación - 14. Pasado y presente del tribunal fiscal de la Nación a trvés de imágenes - 15. Anexo legislativo -- Vol II: | ||
| 041 | _aspa | ||
| 942 | _cBK | ||
| 590 | _aniveau_biblio:m niveau_hierar:0 | ||
| 100 | 1 | _aUrresti, Esteban J. | |
| 856 | 4 | 1 |
_uhttps://biblioeco.unsa.edu.ar/pmb/images/libros/tribunal_fiscal_nacion.jpg _yImagen de portada _qimage/jpeg |
| 999 |
_c2319 _d2319 |
||